000 00346 a2200157 4500
999 _c12825
_d12825
003 OSt
005 20240711190034.0
008 240711b ||||| |||| 00| 0 eng d
020 _a9788193232958
082 _a[728.42083]
100 _aSanjay Mohe
245 _aConnecting The Dots
260 _bBorder Book
300 _a203p;
942 _2ddc